| 000 | 00464nam a2200169Ia 4500 | ||
|---|---|---|---|
| 008 | 180921t1994 xxu||||| |||| 00| 0 sin d | ||
| 041 | _asin | ||
| 080 |
_a633.888 _bSRI LANKA |
||
| 245 | _aඔසුතුරු විසිතුරු | ||
| 246 | _aOsuthuru visithuru | ||
| 260 |
_bDepartment ofAyurveda _c1994 |
||
| 300 | _a322p., 22 cm | ||
| 650 |
_aAyurveda _aMedicinal plants |
||
| 942 | _cBK | ||
| 999 |
_c16657 _d16657 |
||
| 003 | LK-CoDNM | ||
| 040 |
_aLK-CoDNM _dLK-CoDNM _eLK-CoDNM |
||